UITU Library & LRC     

Performance Optimization of Wastewater Pumping Stations Through the Installation of Closed-Loop VFDs (Record no. 33270)

MARC details
000 -LEADER
fixed length control field 00625nam a2200145Ia 4500
008 - FIXED-LENGTH DATA ELEMENTS--GENERAL INFORMATION
fixed length control field 260210s9999 xx 000 0 und d
024 ## - OTHER STANDARD IDENTIFIER
Standard number or code 16B-099-EL, 16B-121-EL & 16B-149-EL
082 ## - DEWEY DECIMAL CLASSIFICATION NUMBER
Classification number 004.199092 MUH
100 ## - MAIN ENTRY--PERSONAL NAME
Personal name Muhammad Usama, Shaheryar Arif & Waris Ali Khan
245 #0 - TITLE STATEMENT
Title Performance Optimization of Wastewater Pumping Stations Through the Installation of Closed-Loop VFDs
260 ## - PUBLICATION, DISTRIBUTION, ETC.
Place of publication, distribution, etc. Karachi:
Name of publisher, distributor, etc. UITU,
Date of publication, distribution, etc. 2016
600 ## - SUBJECT ADDED ENTRY--PERSONAL NAME
Personal name Electronic Engineering
650 ## - SUBJECT ADDED ENTRY--TOPICAL TERM
Topical term or geographic name entry element Bachelor of Engineering (BE)
856 ## - ELECTRONIC LOCATION AND ACCESS
Uniform Resource Identifier <a href="https://drive.google.com/file/d/16UKThAz1hE8dQJVYGMwkpTvKxoK2Z-7a/view?usp=sharing">https://drive.google.com/file/d/16UKThAz1hE8dQJVYGMwkpTvKxoK2Z-7a/view?usp=sharing</a>
Link text Click here for PDF

No items available.

Powered by Koha